| 000 | 00706nam a2200241 a 4500 | ||
|---|---|---|---|
| 001 | 61911 | ||
| 003 | BD-RjUL | ||
| 005 | 20211209081022.0 | ||
| 008 | 170122s1965 enka b 001 0 eng | ||
| 035 | _a(BD-RjUL)62036 | ||
| 040 |
_aDLC _cPPi _dOCoLC _dBD-RjUL _beng |
||
| 041 | _aeng | ||
| 082 |
_a658.5 _223 _bGES 1969 |
||
| 100 | 1 |
_aGedye, Gordon Rupert. _9184284 |
|
| 245 | 1 | 0 |
_aScientific method in production management / _c[by] G.R. Gedye. |
| 260 |
_aLondon : _bOxford University Press, _cc1969 |
||
| 300 |
_avi, 232 p. : _bill. ; _c23 cm. |
||
| 500 | _aInclude index | ||
| 504 | _aBibliography: p. [225]-229. | ||
| 650 | 0 |
_aFactory management. _9179963 |
|
| 942 |
_2ddc _cBK |
||
| 999 |
_c61911 _d61911 |
||